Empresa “Rosita Beer Company”, Alcover, Cataluña, España / (Record no. 220340)
[ view plain ]
| 000 -CABECERA | |
|---|---|
| campo de control de longitud fija | 01480nam a2200325 a 4500 |
| 003 - IDENTIFICADOR DEL NÚMERO DE CONTROL | |
| campo de control | Mxchpua |
| 005 - FECHA Y HORA DE LA ÚLTIMA TRANSACCIÓN | |
| campo de control | 20250122123254.0 |
| 007 - CAMPO FIJO DE DESCRIPCIÓN FÍSICA--INFORMACIÓN GENERAL | |
| campo de control de longitud fija | ta |
| 008 - DATOS DE LONGITUD FIJA--INFORMACIÓN GENERAL | |
| campo de control de longitud fija | 250120s2023 mx bdo|fs|||| 001 0 spa d |
| 040 ## - FUENTE DE LA CATALOGACIÓN | |
| Centro catalogador/agencia de origen | mxchpua |
| 090 ## - LOCALMENTE ASIGNADO TIPO-LC NÚMERO DE CLASIFICACIÓN (OCLC); NÚMERO DE CLASIFICACIÓN LOCAL (RLIN) | |
| Número de clasificación (OCLC) (R) ; Numero de clasificación, CALL (RLIN) (NR) | T.C.936 |
| Número cutter local (OCLC) ; Número de libro/Signatura topográfica íntegra, CALL (RLIN) | E87 EIUPA |
| Año | 2023 |
| 245 1# - MENCIÓN DE TÍTULO | |
| Título | Empresa “Rosita Beer Company”, Alcover, Cataluña, España / |
| Mención de responsabilidad, etc. | coordinador Alfredo Espejel Zaragoza ; colaboradores Leonardo Daniel Antonio Aburto...[y otros] |
| 260 ## - PUBLICACIÓN, DISTRIBUCIÓN, ETC. | |
| Lugar de publicación, distribución, etc. | Chapingo, México : |
| Nombre del editor, distribuidor, etc. | El autor, |
| Fecha de publicación, distribución, etc. | 2023 |
| 300 ## - DESCRIPCIÓN FÍSICA | |
| Extensión | 1 recurso en línea (101 páginas) : |
| Otras características físicas | mapas, gráficas, diagramas, tablas, fotos |
| 336 ## - TIPO DE CONTENIDO | |
| Fuente | rdacontent |
| Término de tipo de contenido | Texto |
| Código de tipo de contenido | txt |
| 337 ## - TIPO DE MEDIO | |
| Fuente | rdamedia |
| Nombre/término del tipo de medio | computadora |
| Código del tipo de medio | c |
| 338 ## - TIPO DE SOPORTE | |
| Fuente | rdacarrier |
| Nombre/término del tipo de soporte | recurso en línea |
| Código del tipo de soporte | cr |
| 500 ## - NOTA GENERAL | |
| Nota general | Grado 7° ; Grupo 3 |
| 502 ## - NOTA DE TESIS | |
| Nota de tesis | Viaje de Estudios |
| Tipo de título | (EIUPA) -- |
| Nombre de la institución que otorga el título | UACh. Departamento de Ingeniería Agroindustrial, |
| Año de obtención del título | 2023 |
| 504 ## - NOTA DE BIBLIOGRAFÍA, ETC. | |
| Nota de bibliografía, etc. | Bibliografía: página 82 |
| 650 13 - PUNTO DE ACCESO ADICIONAL DE MATERIA--TÉRMINO DE MATERIA | |
| Término de materia o nombre geográfico como elemento de entrada | Calidad de la cerveza |
| 9 (RLIN) | 185249 |
| Subdivisión geográfica | España |
| -- | Cataluña |
| 650 13 - PUNTO DE ACCESO ADICIONAL DE MATERIA--TÉRMINO DE MATERIA | |
| Término de materia o nombre geográfico como elemento de entrada | Elaboración de cerveza |
| 9 (RLIN) | 154862 |
| Subdivisión geográfica | España |
| -- | Cataluña |
| 650 17 - PUNTO DE ACCESO ADICIONAL DE MATERIA--TÉRMINO DE MATERIA | |
| Término de materia o nombre geográfico como elemento de entrada | Industria cervecera |
| 9 (RLIN) | 57799 |
| Subdivisión geográfica | España |
| -- | Cataluña |
| 650 13 - PUNTO DE ACCESO ADICIONAL DE MATERIA--TÉRMINO DE MATERIA | |
| Término de materia o nombre geográfico como elemento de entrada | Beer quality |
| 9 (RLIN) | 185250 |
| Subdivisión geográfica | Spain |
| -- | Cataluña |
| 650 13 - PUNTO DE ACCESO ADICIONAL DE MATERIA--TÉRMINO DE MATERIA | |
| Término de materia o nombre geográfico como elemento de entrada | Brewing |
| 9 (RLIN) | 154861 |
| Subdivisión geográfica | Spain |
| -- | Cataluña |
| 650 13 - PUNTO DE ACCESO ADICIONAL DE MATERIA--TÉRMINO DE MATERIA | |
| Término de materia o nombre geográfico como elemento de entrada | Brewing industry |
| 9 (RLIN) | 151423 |
| Subdivisión geográfica | Spain |
| -- | Cataluña |
| 700 1# - PUNTO DE ACCESO ADICIONAL--NOMBRE DE PERSONA | |
| Nombre de persona | Espejel Zaragoza, José Alfredo |
| 9 (RLIN) | 151219 |
| Término indicativo de función/relación | coordinador |
| 700 1# - PUNTO DE ACCESO ADICIONAL--NOMBRE DE PERSONA | |
| Nombre de persona | Antonio Aburto, Leonardo Daniel |
| 9 (RLIN) | 189838 |
| Término indicativo de función/relación | colaborador |
| 856 40 - LOCALIZACIÓN Y ACCESO ELECTRÓNICOS | |
| Identificador Uniforme del Recurso | <a href="http://10.13.5.2/ve/TC936_EIUPA/TC936_EIUPA_2023-REPORTE.pdf">http://10.13.5.2/ve/TC936_EIUPA/TC936_EIUPA_2023-REPORTE.pdf</a> |
| Texto de enlace | DESCARGAR REPORTE |
| Estado de retiro | Estado de pérdida | Fuente del sistema de clasificación o colocación | Estado dañado | No para préstamo | Código de colección | Localización permanente | Ubicación/localización actual | Ubicación en estantería | Fecha de adquisición | Fuente de adquisición | Total de préstamos | Signatura topográfica completa | Código de barras | Fecha visto por última vez | Precio válido a partir de | Tipo de ítem Koha | Restricciones de uso | Número de copia |
|---|---|---|---|---|---|---|---|---|---|---|---|---|---|---|---|---|---|---|
| Clasificación Universidad Autónoma de Chapingo | Viajes de estudio - En línea | Ingenieria Agroindustrial | Ingenieria Agroindustrial | En línea | 20/01/2025 | El autor | T.C.936 E87 EIUPA 2023 | 1206015149 | 20/01/2025 | 20/01/2025 | Viajes de Estudio - En línea | |||||||
| Clasificación Universidad Autónoma de Chapingo | Viajes de Estudio | Ingenieria Agroindustrial | Ingenieria Agroindustrial | 20/01/2025 | El autor | T.C.936 E87 EIUPA 2023 | 1106015666 | 31/07/2025 | 20/01/2025 | Viaje de Estudios | Préstamo interno | Ej.1 |
